00354cam a22001217a 4500008004000000082001700040100001700057245005600074260002600130300001400156650002300170650003900193180718b1952 xxu||||| |||| 00| 0 eng d aB135x42 B722 aBracey, H.E. aSocial provision in Rural wiltshirecby H.E. Bracey aLondonbMethuenc1952 axix, 204p aSociology - Rural. aVillage - Rural - U.K. - Wiltshire